Emission trading and carbon credits: An overview (Record no. 58578)

MARC details
000 -LEADER
fixed length control field 00377nam a2200145Ia 4500
100 ## - MAIN ENTRY--AUTHOR NAME
Personal name Ghangurde G A
245 #0 - TITLE STATEMENT
Title Emission trading and carbon credits: An overview
260 ## - PUBLICATION, DISTRIBUTION, ETC. (IMPRINT)
Name of publisher Rubber India
Year of publication 2008
300 ## - PHYSICAL DESCRIPTION
Number of Pages 25-28
650 ## - SUBJECT ADDED ENTRY--TOPICAL TERM
Topical Term Carbon credits
650 ## - SUBJECT ADDED ENTRY--TOPICAL TERM
Topical Term Emission reductions
650 ## - SUBJECT ADDED ENTRY--TOPICAL TERM
Topical Term Kyoto protocol
942 ## - ADDED ENTRY ELEMENTS (KOHA)
Koha item type Journals
Holdings
Withdrawn status Lost status Damaged status Not for loan Home library Current library Shelving location Date acquired Serial Enumeration / chronology Koha item type
      Journals RRII Library RRII Library Rubber technology 29/10/2008 Volume LX, Issue 9 Journals